000 00355nam a2200145Ia 4500
008 220217s9999||||xx |||||||||||||| ||und||
020 _a0-07-451647-7
082 _a624.1 GHO
100 _aGhose, D.N
245 0 _aMaterials of Construction
250 _a1st
260 _aTata mcgraw hill
_bNew Delhi
_c1998
300 _b135
650 _aCIVIL
999 _c165079
_d165079